<?xml version="1.0" encoding="UTF-8"?>
<marc:record xmlns:marc="http://www.loc.gov/MARC21/slim">
   <marc:leader>00000nam a2200000 a 4500</marc:leader>
   <marc:datafield ind1="1" ind2=" " tag="100">
      <marc:subfield code="a">Hooper, Nicholas</marc:subfield>
   </marc:datafield>
   <marc:datafield ind1="1" ind2=" " tag="100">
      <marc:subfield code="a">Idziak, Slawomir</marc:subfield>
   </marc:datafield>
   <marc:datafield ind1="1" ind2=" " tag="100">
      <marc:subfield code="a">Radcliffe, Daniel</marc:subfield>
   </marc:datafield>
   <marc:datafield ind1="1" ind2=" " tag="100">
      <marc:subfield code="a">Rowling, Joanne K.</marc:subfield>
   </marc:datafield>
   <marc:datafield ind1="1" ind2=" " tag="100">
      <marc:subfield code="a">Yates, David</marc:subfield>
   </marc:datafield>
   <marc:datafield ind1="0" ind2="0" tag="245">
      <marc:subfield code="a">Harry Potter und der Orden des Phoenix</marc:subfield>
   </marc:datafield>
   <marc:datafield ind1="0" ind2="0" tag="245">
      <marc:subfield code="c">Regie: David Yates. Drehb.: Michael Goldenberg. Kamera: Slawomir Idziak. Musik: Nicholas Hooper. Darst.: Daniel Radcliffe ; Emma Watson ; Rupert Grint ...</marc:subfield>
   </marc:datafield>
   <marc:datafield ind1=" " ind2="1" tag="264">
      <marc:subfield code="a">Hamburg</marc:subfield>
      <marc:subfield code="b">Warner Home Video</marc:subfield>
      <marc:subfield code="c">2007</marc:subfield>
   </marc:datafield>
   <marc:datafield ind1="1" ind2=" " tag="490">
      <marc:subfield code="a">Harry Potter</marc:subfield>
      <marc:subfield code="v">5</marc:subfield>
   </marc:datafield>
   <marc:datafield ind1=" " ind2=" " tag="250">
      <marc:subfield code="a">2-Disc Edition</marc:subfield>
   </marc:datafield>
   <marc:datafield ind1="1" ind2=" " tag="520">
      <marc:subfield code="a">Obwohl Harry und Schuldirektor Dumbledore dem Zauber-Ministerium die Rückkehr Lord Voldemorts melden, schenkt man ihnen dort keinen Glauben - ganz im Gegenteil. Dumledore wird suspendiert und als neue Direktorin erscheint Dolores Umbridge, die alles und jeden an der Schule auf Schritt und Tritt kontrolliert. Harry und seinen Freunden ist klar, dass sie im Kampf gegen Voldemort ganz auf sich gestellt sind. Gemeinsam mit ihren Mitschülern gründen sie eine geheime Truppe, die sich dem Kampf gegen den dunklen Lord verschworen hat ...</marc:subfield>
   </marc:datafield>
   <marc:datafield ind1=" " ind2=" " tag="500">
      <marc:subfield code="a">Untertitel: dt., engl., dt. u. engl. für Hörgeschädigte. Nach dem Roman von Joanne K. Rowling</marc:subfield>
   </marc:datafield>
   <marc:datafield ind1="0" ind2=" " tag="490">
      <marc:subfield code="v">0</marc:subfield>
   </marc:datafield>
   <marc:datafield ind1=" " ind2=" " tag="300">
      <marc:subfield code="a">2 DVDs (133 Min.)</marc:subfield>
   </marc:datafield>
</marc:record>
